| 000 | 00910nam a2200169 a 4500 | ||
|---|---|---|---|
| 008 | 180905s2016 ||||||||||||||||| || u | ||
| 050 | _aUNESCO(05)IIEP/2016/2 | ||
| 110 | _aUnited Nations Educational, Scientific and Cultural Organization (UNESCO) | ||
| 245 | 1 | 4 |
_aThe IIEP letTer: news and analysis on educational planning and management _cUnited Nations Educational, Scientific and Cultural OrganizatioN [UNESCO] |
| 260 |
_aParis _bUnited Nations Educational, Scientific and Cultural Organization (UNESCO) _c2016 |
||
| 300 | _a16p.: ill. | ||
| 650 | _aUNESCO-INTERNATIONAL COOPERATION | ||
| 650 | _aSUSTAINABLE DEVELOPMENT--UNESCO | ||
| 650 | _aEDUCATION PLANNING | ||
| 650 | _aEDUCATION POLICY | ||
| 995 |
_FCBU-MAIN LIBRARY (Kitwe) _M1 _UAVAILABLE _WSep 5, 2018 _XUnited Nations Educational, Scientific and Cultural Organization _ZUniversity Collection |
||
| 999 |
_c46159 _d46159 |
||